000
00300nam a2200097Ia 4500
008
240331s9999 xx 000 0 und d
082
_b
CEN
100
_a
Cenwor. ed
245
0
_a
Eighth national convention on women's studies :
_b
social studies,counselling,mobilisation,empowerment,conflict,+
942
_c
L
999
_c
5586
_d
5586